000 01024cam a2200217 4500
001 ##L131861
008 051213n2004 000 0 eng u
020 _a0853162425
035 _a(Sirsi) u131861
041 0 _aeng
050 0 4 _a711.4 $2 18
100 1 _aUnsworth, Rachael
245 _aTwenty-first century Leeds
_bgeographies of a regional city
260 _aLeeds
_bLeeds University Press
_c2004
300 _aix, 394p.
_bill
_c30cm.
520 _aA study of Leeds: its people, economy, fabric and the built and natural environment. Gives a rich portrait of a major regional city that shows areas of great dynamism and of poverty and deprivation. Identifies several challenges in improving the fabric and functioning of the city. Chapters include:- Housing supply and demand, Accommodating financial and business services, Land use planning and urban design.
650 _aLEEDS
690 _aPROPERTY-PROPERTY DEVELOPMENT-SUSTAINABLE PROPERTY DEVELOPMENT
700 1 _aStillwell, John
_eEditor
942 _n0
999 _c104878
_d104878